[Event "POR Cup 38th"]
[Site "Portugal"]
[Date "2016.04.30"]
[Round "3.6"]
[White "Batalha, Rui Gomes"]
[Black "Ribau, Nelson Manuel Salva"]
[Result "0-1"]
[WhiteElo "1770"]
[BlackElo "1723"]
[PlyCount "72"]
[EventDate "2016.02.20"]
[EventType "team-k.o."]
[EventRounds "6"]
[EventCountry "POR"]
[SourceTitle "EXT 2017"]
[Source "ChessBase"]
[SourceDate "2016.10.25"]
[SourceVersion "1"]
[SourceVersionDate "2016.10.25"]
[SourceQuality "1"]
[WhiteTeam "Bombarral"]
[BlackTeam "Galitos"]
[WhiteTeamCountry "POR"]
[BlackTeamCountry "POR"]

1. Nf3 c5 2. e4 a6 3. d4 cxd4 4. Nxd4 e5 5. Nb3 Nf6 6. f3 Nc6 7. Be3 d5 8. exd5 Nxd5 9. Bf2 Bf5 10. c3 Be7 11. Bd3 Bxd3 12. Qxd3 Nf4 13. Qxd8+ Rxd8 14. 0-0 Nd3 15. Bb6 Rd7 16. N1d2 Nxb2 17. Ne4 Na4 18. Bc5 0-0 19. Bxe7 Nxe7 20. Rfd1 Rfd8 21. Rxd7 Rxd7 22. c4 h6 23. Kf2 f5 24. Ng3 Nb2 25. Nc5 Rd2+ 26. Ne2 Nxc4 27. Nxb7 Nd5 28. Rc1 Nf4 29. Rxc4 Rxe2+ 30. Kf1 Rxa2 31. g3 Nd5 32. Rc5 Ne3+ 33. Kg1 Rg2+ 34. Kh1 Rb2 35. h4 Rxb7 36. Rxe5 Rb1+ 0-1

[Event "Coimbra Queima das Fitas op"]
[Site "Coimbra"]
[Date "2016.04.25"]
[Round "7"]
[White "Ribau, Nelson Manuel Salva"]
[Black "Turta, Stelian"]
[Result "1/2-1/2"]
[WhiteElo "1723"]
[BlackElo "1878"]
[PlyCount "112"]
[EventDate "2016.04.22"]
[EventType "swiss"]
[EventRounds "7"]
[EventCountry "POR"]
[SourceTitle "EXT 2018"]
[Source "ChessBase"]
[SourceDate "2017.10.13"]
[SourceVersion "1"]
[SourceVersionDate "2017.10.13"]
[SourceQuality "1"]

1. d4 d5 2. Bg5 Nd7 3. e3 Ngf6 4. Nf3 c6 5. c4 e6 6. Nbd2 Qa5 7. a3 Ne4 8. Bf4 Ndf6 9. Bd3 h6 10. b4 Qd8 11. Qc2 Nxd2 12. Nxd2 Bd6 13. Bxd6 Qxd6 14. Nf3 0-0 15. 0-0 Nd7 16. c5 Qc7 17. Qc3 Re8 18. Ne5 Nf8 19. f4 Bd7 20. Qc2 Re7 21. Rf3 Be8 22. Rh3 a5 23. bxa5 f5 24. g4 fxg4 25. Nxg4 Rxa5 26. Rg3 Kh8 27. Kh1 Bh5 28. Ne5 Nd7 29. Ng6+ Bxg6 30. Bxg6 Ra8 31. Qg2 Nf6 32. Bc2 b6 33. cxb6 Qxb6 34. Rg1 Qc7 35. Rg6 Rf8 36. Qh3 Ng8 37. Rxe6 Rxe6 38. Qxe6 Rf6 39. Qg4 Rf7 40. Qg6 Nf6 41. Rb1 Re7 42. Rb3 Re8 43. Bd1 Qa5 44. Qg1 Qd2 45. Rb7 Rg8 46. Bf3 Qd3 47. Rc7 Qxa3 48. Rxc6 Qd3 49. Re6 Rb8 50. Rc6 Ne4 51. Rc7 Rb1 52. Rc1 Rxc1 53. Qxc1 Nc3 54. Qe1 Ne4 55. Bxe4 Qxe4+ 56. Kg1 Qf3 1/2-1/2

[Event "Coimbra Queima das Fitas op"]
[Site "Coimbra"]
[Date "2016.04.24"]
[Round "4"]
[White "Martins, Bruno Andre Leite"]
[Black "Ribau, Nelson Manuel Salva"]
[Result "1/2-1/2"]
[WhiteElo "1922"]
[BlackElo "1723"]
[PlyCount "58"]
[EventDate "2016.04.22"]
[EventType "swiss"]
[EventRounds "7"]
[EventCountry "POR"]
[SourceTitle "EXT 2018"]
[Source "ChessBase"]
[SourceDate "2017.10.13"]
[SourceVersion "1"]
[SourceVersionDate "2017.10.13"]
[SourceQuality "1"]

1. e4 c5 2. Nf3 a6 3. c3 e6 4. d4 d5 5. dxc5 Bxc5 6. exd5 exd5 7. Be2 Nf6 8. 0-0 0-0 9. Bg5 Be6 10. Nd4 Nbd7 11. Bf3 Qb6 12. Nb3 Bd6 13. Qc2 Rac8 14. Be3 Qc7 15. h3 Ne5 16. Be2 Nc4 17. Bd4 Qe7 18. Bd3 h6 19. N1d2 Nh5 20. Rfe1 Nf4 21. Bf1 Nxh3+ 22. gxh3 Qg5+ 23. Kh1 Qf4 24. Kg2 Bxh3+ 25. Kxh3 Qh2+ 26. Kg4 Qf4+ 27. Kh3 Qh2+ 28. Kg4 Qf4+ 29. Kh3 Qh2+ 1/2-1/2